000 00485nam a2200181Ia 4500
001 20321
005 20260306172757.0
008 260306t2013||||xx |||||||||||||| ||spa||
041 _aESP
082 _a343.2
_bC16
100 _aCairo Roldán, Omar
_eAUT
245 0 _aEl principio constitucional de legalidad:
_by su aplicación en el derecho administrativo
260 _c2013
300 _a230 páginas :
_c24 cm.
650 _aGEN
654 _aCDE
942 _cLIB
_dJUS
_fJUS
_2ddc
_n
999 _c20321
_d20321